Príhovor rektora [k 60. výročiu vzniku Ekonomickej univerzity v Bratislava]

Gespeichert in:
Bibliographische Detailangaben
1. Verfasser: Kollár, Vojtech
Format: Buchkapitel
Sprache:Slowakisch
Tags: Tag hinzufügen
Keine Tags, Fügen Sie das erste Tag hinzu!

MARC

LEADER 00000naa a2200000 4500
001 0157190
005 20240502072738.8
041 0 |a slo 
044 |a SK 
245 1 0 |a Príhovor rektora [k 60. výročiu vzniku Ekonomickej univerzity v Bratislava]  |c Vojtech Kollár 
100 1 |a Kollár, Vojtech